AH International Schools' Libraries

No matter what / (Record no. 49756)

MARC details
000 -LEADER
fixed length control field 01029nam a2200301 4500
010 ## - LIBRARY OF CONGRESS CONTROL NUMBER
LC control number 98047277
020 ## - INTERNATIONAL STANDARD BOOK NUMBER
International Standard Book Number 9780747563310
020 ## - INTERNATIONAL STANDARD BOOK NUMBER
International Standard Book Number 9780152020613
035 ## - SYSTEM CONTROL NUMBER
System control number 3090504
035 ## - SYSTEM CONTROL NUMBER
System control number (DLC) 98047277
040 ## - CATALOGING SOURCE
Original cataloging agency DLC
Transcribing agency DLC
Modifying agency DLC
042 ## - AUTHENTICATION CODE
Authentication code lcac
050 00 - LIBRARY OF CONGRESS CALL NUMBER
Classification number PZ8.3.G47
Item number No 1999
082 00 - DEWEY DECIMAL CLASSIFICATION NUMBER
Classification number [E]
Edition number 21
100 ## - MAIN ENTRY--PERSONAL NAME
Personal name Gliori, Debi,
Relator code author.
9 (RLIN) 65055
245 10 - TITLE STATEMENT
Title No matter what /
Statement of responsibility, etc Debi Gliori.
260 ## - PUBLICATION, DISTRIBUTION, ETC. (IMPRINT)
Place of publication, distribution, etc San Diego :
Name of publisher, distributor, etc Harcourt Brace,
Date of publication, distribution, etc 1999.
300 ## - PHYSICAL DESCRIPTION
Extent 1 v. (unpaged) :
Other physical details col. ill.
Dimensions 31 cm.
520 ## - SUMMARY, ETC.
Summary, etc Small, a little fox, seeks reassurance that Large will always provide love, no matter what.
650 #1 - SUBJECT ADDED ENTRY--TOPICAL TERM
Topical term or geographic name as entry element Stories in rhyme.
650 ## - SUBJECT ADDED ENTRY--TOPICAL TERM
Topical term or geographic name as entry element Parent and child
Form subdivision Fiction.
650 ## - SUBJECT ADDED ENTRY--TOPICAL TERM
Topical term or geographic name as entry element Love
Form subdivision Fiction.
650 ## - SUBJECT ADDED ENTRY--TOPICAL TERM
Topical term or geographic name as entry element Foxes
Form subdivision Fiction.
655 #7 - INDEX TERM--GENRE/FORM
Genre/form data or focus term Fiction.
Source of term lcgft
9 (RLIN) 52739
856 42 - ELECTRONIC LOCATION AND ACCESS
Materials specified Publisher description
Uniform Resource Identifier <a href="http://www.loc.gov/catdir/description/har041/98047277.html">http://www.loc.gov/catdir/description/har041/98047277.html</a>
856 42 - ELECTRONIC LOCATION AND ACCESS
Materials specified Contributor biographical information
Uniform Resource Identifier <a href="http://www.loc.gov/catdir/enhancements/fy0733/98047277-b.html">http://www.loc.gov/catdir/enhancements/fy0733/98047277-b.html</a>
Holdings
Withdrawn status Lost status Source of classification or shelving scheme Damaged status Not for loan Home library Current library Date acquired Total Checkouts Full call number Barcode Checked out Date last seen Date checked out Price effective from Koha item type
          Logos International School Logos International School 11/13/2025 1 E GLI 041959 02/20/2026 02/02/2026 02/02/2026 11/13/2025 Book

For any Logos Library related questions please contact Miss Art at swongnarasuk@asianhope.org.

For any Asian Hope Library related questions please contact Miss Raza at graza@asianhope.org.

Click here to explore our ebooks!

Powered by Koha